000 00647nam a2200205 i 4500
001 61146
003 ES-MaACL
005 20251016141507.0
007 t|
008 031110s1963 sp ||||1| spa d
100 1 _aEtten, Henry van.
_948294
245 1 0 _aGeorge Fox y los cuáqueros /
_cHenry van Etten ; traducción del francés por Isabel Gil Ramales.
260 _aMadrid :
_bAguilar,
_c1963.
300 _a217 p. :
_bil. ;
_c18 cm.
600 1 4 _aFox, George,
_d1624-1691
_952022
650 4 _aCuáqueros-
_vHistoria.
_9158092
700 1 _aGil Ramales, Isabel.
_956865
852 _aES-MaACL
_jC-24944
_bR.52759
999 _c61146
_d61146